000 00600nam a2200205 a 4500
005 20240605063859.0
008 991125s1985 mx 000 0 spa u
020 _a9682100968
035 _aUPN01000032196
049 _aCG
050 4 _aLB1025
_bA7.28b
100 1 _aAschersleben, Karl,
_d1936-
_931220
245 1 0 _aIntroducción a la metodología pedagógica /
_cKarl Aschersleben ; tr. Ramón Ibero.
260 _aMéxico :
_bMartínez Roca,
_c1985.
300 _a222 p
440 0 _aRoca pedagogía ;
_v9
650 4 _aEnseñanza
_xMetodología
_97684
905 _aLibro
999 _c32196
_d32196